Retrato de mujer : una vida con Tina Modotti /

Guardat en:
Dades bibliogràfiques
Autor principal: Vidali, Vittorio (autor)
Format: Llibre
Idioma:espanyol
Publicat: México : Benemérita Universidad Autónoma de Puebla, 1984, c1984
Edició:1a edición
Col·lecció:(Crónicas y Testimonios ; 2)
Matèries:
Etiquetes: Afegir etiqueta
Sense etiquetes, Sigues el primer a etiquetar aquest registre!

MARC

LEADER 00000nam^a2200000^a^4500
001 000010999
005 20250521000000.0
009 20260310083728.449
025 |a Donación Lourdes Sierra, 1 ejemplar 
037 |a Acervo ITESO - Biblioteca 
041 |a ESP 
082 |a 770. 972  |b MOD VID 
100 |a Vidali, Vittorio  |e (autor) 
245 1 0 |a Retrato de mujer :  |b una vida con Tina Modotti /  |c V. Vidali ; tr. por A. Fagetti. 
250 |a 1a edición 
264 4 |a México :  |b Benemérita Universidad Autónoma de Puebla,  |c 1984, c1984 
300 |a 112 p. 
336 |a texto  |b txt  |2 rdacontenido 
337 |a sin mediación  |b n  |2 rdamedio 
338 |a volumen  |b nc  |2 rdasoporte 
440 1 |a (Crónicas y Testimonios ;  |v 2) 
500 |a Traducción de: Ritrato di donna. Tina Modotti 
545 0 |a Tina Modotti (1896-1942), aunque nacida en Italia y emigrada originalmente a Estados Unidos, fue en el efervescente México de los 20 y 30 donde se desarrolló y alcanzó su plenitud como fotógrafa. Destaca también su militancia comunista, que la llevó primero a la Guerra Civil española y después a Rusia, y que en todas sus etapas, incluida por supuesto la mexicana, se deja traslucir en su obra; la fotografía de Modotti es una clara manifestación de la estética del nacionalismo revolucionario, lo que en absoluto demerita la calidad poética de su trabajo. 
649 |a XX 
650 |a Fotógrafos Italianos -  |x Biografías 
650 |a Artistas Italianos -  |x Biografías 
650 |a Militantes Políticos Italianos -  |x Biografías 
650 |a Militantes Políticos Italianos -  |x Memorias 
650 |a Mujeres en el Arte -  |z México -  |x Historia y Crítica 
650 |a Mujeres Italianas -  |x Biografías 
650 |a Memorias Italianas 
650 |a Literatura y Política -  |z Italia 
650 |a Literatura Autobiográfica -  |z Italia 
650 |a Literatura Italiana -  |y Siglo XX 
650 |a Nacionalismo en el Arte -  |z México -  |x Historia y Crítica 
650 |a Fotografía y Sociedad -  |z México -  |x Historia y Crítica 
650 |a Fotografía Mexicana -  |x Historia y Crítica 
650 |a Fotografía Mexicana -  |y Siglo XX 
650 |a Arte y Política -  |z México -  |x Historia y Crítica 
650 |a Arte y Sociedad -  |z México -  |x Historia y Crítica 
650 |a Arte Mexicano -  |x Historia y Crítica 
650 |a Arte Mexicano -  |y Siglo XX 
650 |a Estalinismo -  |x Historia 
650 |a Política -  |z México -  |x Historia -  |y 1910-1946 
650 |a Política -  |z México -  |x Historia -  |y Siglo XX 
650 |a México -  |x Historia -  |y 1910-1946 
650 |a México -  |x Historia -  |y Siglo XX 
650 |a España -  |x Historia -  |y Guerra Civil, 1936-1939 
650 |a España -  |x Historia -  |y República, 1931-1939 
650 |a España -  |x Historia -  |y Siglo XX 
650 |a Modotti, Tina -  |x Tema Principal 
650 |a Vidali, Vittorio -  |x Tema Principal 
650 |a Fagetti, Antonella  |e (traducción) 
910 |a Fondo General 
920 |a Impresos - Libros 
930 |a Colección General 
905 |a 101 
901 |a 0109990100  |b IT1  |c ACC  |i 010999  |u 20250521 
901 |a 0500133754  |b IT1  |c ACC  |i D  |u 20250521 
902 |a https://opac.biblio.iteso.mx/vufind/Record/000010999